World Superpowers in 2050 - Statistics

General Stats
  • This quiz has been taken 2,469 times
  • The average score is 9 of 10
Answer Stats
Rank GDP Country % Correct
2 $80.02 trillion China
100%
3 $39.03 trillion United States
100%
1 $85.97 trillion India
97%
8 $7.58 trillion Russia
93%
10 $6.34 trillion Germany
90%
7 $7.91 trillion Japan
90%
5 $11.58 trillion Brazil
89%
4 $13.93 trillion Indonesia
84%
6 $8.01 trillion Mexico
80%
9 $7.35 trillion Nigeria
75%
No matching quizzes found
Score Distribution
Percent of People with Each Score
Percentile by Number Answered
Your Score History
You have not taken this quiz